Нормален изглед
MARC изглед
- учебни помагала за средни училища
Вход 08. Ключови думи
001 - Контролен номер на записа
- Контролно поле: 435027
003 - Код на организацията, даваща контролен номер
- Контролно поле: BLK
005 - Дата и час на последна промяна на записа
- Контролно поле: 20201006152951.0
008 - Данни с фиксирана дължина – обща информация
- Данни с фиксирана дължина : 201006|| aca||aabn | a|a d
153 ## - Ключови думи
- Ключова дума: учебни помагала за средни училища
942 ## - Системна служебна употреба
- Koha auth type: KEW